مكتبة جامعة عجلون الوطنية

فهرس بحث المكتبة

Normal view MARC view
  • الشفعة (قانون مدني) -- مصر-- القانون المدني -- مصر -- الشفعة (فقه إسلامي)

Entry Topical Term

Number of records used in: 1

001 - CONTROL NUMBER

  • control field: 34862

003 - CONTROL NUMBER IDENTIFIER

  • control field: JO-AjAnu

005 - DATE AND TIME OF LATEST TRANSACTION

  • control field: 20230606075832.0

008 - FIXED-LENGTH DATA ELEMENTS

  • fixed length control field: 230606|| aca||aabn | a|a d

040 ## - CATALOGING SOURCE

  • Original cataloging agency: JO-AjAnu
  • Transcribing agency: JO-AjAnu

150 ## - HEADING--TOPICAL TERM

  • Topical term or geographic name entry element: الشفعة (قانون مدني) -- مصر-- القانون المدني -- مصر -- الشفعة (فقه إسلامي)

670 ## - SOURCE DATA FOUND

  • Source citation: Work cat.: (JO-AjAnu)17903: هرجة، مصطفى مجدي, author 34861, الشفعة في ضوء أحدث الآراء وأحكام النقض والصيغ القانونية